000 005790000a22001450004500
090 _aAS
_bSeriadas
245 1 0 _aEcología de poblaciones de Attalea butyracea (Arecaceae) en un área de bosque seco tropical (Las Brisas, Sucre, Colombia)
246 3 _aPopulation ecology of Attalea butyracea (Arecaceae) in a tropical dry forest (Las Brisas, Sucre, Colombia)
041 0 _aEspañol
700 1 _aVelásuez, Patricia
_999690
700 1 _aMontoya, Miguel
_999691
100 1 _aUribe, Alicia
_992930
942 _cARTICULO
773 1 _tActualidades Biológicas
_h74
_q33-39
_d2001
_g23
999 _c15431
_d15431